[Event "ESP-ch U10 Rapid"]
[Site "Salobrena"]
[Date "2022.07.10"]
[Round "8"]
[White "Sanchez Pina, Juan Carlos"]
[Black "Villa Peiro, Joan"]
[Result "0-1"]
[WhiteElo "1198"]
[BlackElo "1170"]
[PlyCount "167"]
[EventDate "2022.07.09"]
[EventType "swiss (rapid)"]
[EventRounds "9"]
[EventCountry "ESP"]
[SourceTitle "EXT 2023"]
[Source "ChessBase"]
[SourceDate "2022.10.05"]
[SourceVersion "1"]
[SourceVersionDate "2022.10.05"]
[SourceQuality "1"]

1. d4 Nf6 2. c4 e5 3. dxe5 Ng4 4. h3 Nxe5 5. Nc3 Nbc6 6. g3 Bc5 7. Bg2 Nxc4 8. Qd5 Bxf2+ 9. Kxf2 Qf6+ 10. Nf3 N4e5 11. Ne4 Qf5 12. Qd1 Qxe4 13. Nxe5 Qxe5 14. Rf1 Qc5+ 15. Be3 Qe7 16. Qd2 Ne5 17. Qc3 0-0 18. Bd4 f6 19. Kg1 Nc6 20. Bxc6 dxc6 21. Bc5 Qe4 22. Bxf8 Bxh3 23. Qf3 Qd4+ 24. Qf2 Qxf2+ 25. Rxf2 Rxf8 26. Rd1 Re8 27. Rh2 Bg4 28. Kf1 Re3 29. Rd3 Bxe2+ 30. Rxe2 Rxd3 31. Kf2 Kf7 32. Kg2 Rd5 33. Kf3 Rf5+ 34. Kg2 Re5 35. Rd2 Rd5 36. Re2 Ra5 37. a3 Re5 38. Rd2 Ke6 39. Kf3 Rd5 40. Re2+ Kd6 41. b4 Rd3+ 42. Kf2 Rxa3 43. Re8 Ra2+ 44. Kf3 Rb2 45. Rd8+ Ke7 46. Rc8 Kd7 47. Rg8 Rb3+ 48. Kf2 Rxb4 49. Rxg7+ Ke6 50. Rxh7 Kd6 51. Rf7 Rb2+ 52. Kf3 Rb1 53. Rxf6+ Ke5 54. Rh6 Rb3+ 55. Kf2 c5 56. Rh5+ Kd4 57. Rh4+ Kd3 58. g4 Rb2+ 59. Kf3 c4 60. g5 c3 61. Rh1 Rb5 62. Rd1+ Kc2 63. Rg1 Rf5+ 64. Ke4 Rf8 65. g6 Kd2 66. Rg2+ Kc1 67. Rg1+ Kb2 68. g7 Rg8 69. Kf5 c2 70. Rg2 Kb1 71. Rg1+ c1Q 72. Rxc1+ Kxc1 73. Kf6 Rxg7 74. Kxg7 a5 75. Kf6 a4 76. Ke7 a3 77. Kd7 a2 78. Kxc7 a1Q 79. Kxb7 Qc3 80. Kb6 Qc4 81. Kb7 Qc5 82. Kb8 Qc6 83. Ka7 Qb5 84. Ka8 0-1

[Event "ESP-ch U10 Rapid"]
[Site "Salobrena"]
[Date "2022.07.09"]
[Round "3"]
[White "Perez Vidal, Ian"]
[Black "Sanchez Pina, Juan Carlos"]
[Result "1-0"]
[WhiteElo "1331"]
[BlackElo "1198"]
[PlyCount "43"]
[EventDate "2022.07.09"]
[EventType "swiss (rapid)"]
[EventRounds "9"]
[EventCountry "ESP"]
[SourceTitle "EXT 2023"]
[Source "ChessBase"]
[SourceDate "2022.10.05"]
[SourceVersion "1"]
[SourceVersionDate "2022.10.05"]
[SourceQuality "1"]

1. e4 c5 2. Nf3 d6 3. d4 cxd4 4. Nxd4 Nf6 5. Nc3 a6 6. Be3 e6 7. f3 Be7 8. Qd2 b5 9. g4 Bb7 10. g5 Nfd7 11. h4 e5 12. Nf5 Rg8 13. Nxd6+ Bxd6 14. Qxd6 Nc6 15. Nd5 Nd4 16. Bxd4 exd4 17. Nc7+ Qxc7 18. Qxc7 Bc8 19. 0-0-0 f6 20. gxf6 gxf6 21. Rxd4 Ne5 22. Rd8# 1-0